| 000 | 00764cam a2200265ua 4500 | ||
|---|---|---|---|
| 041 |
_aeng _h |
||
| 082 |
_a631.5841 _bSHA/FA |
||
| 100 |
_aShaner, W W . _95880 |
||
| 245 |
_aFarming system research and development / _cAuthor. _hTextual Documents |
||
| 250 |
_a1 / _b. |
||
| 260 |
_a : _bConsortium for International Development , _c1982. |
||
| 300 | _a414 ; . | ||
| 504 | _a | ||
| 650 |
_aConceptual frame work _95881 |
||
| 650 |
_aDevelopment of a research base _95882 |
||
| 650 |
_aPlanning of farm research _95883 |
||
| 650 |
_aProblem identification _95884 |
||
| 650 |
_aTarget and research area selection _95885 |
||
| 700 | 1 |
_aPhilipp, P F . _95886 |
|
| 700 | 1 |
_aSchmehl, W R . _95887 |
|
| 942 | _cBK | ||
| 999 |
_c12 _d12 |
||
| 003 | @ | ||
| 003 | OSt | ||